UBT Library

Philosophical foundations of education / (Record no. 42048)

000 -LEADER
fixed length control field 00877cam a2200253 i 4500
001 - CONTROL NUMBER
control field 18024673
005 - DATE AND TIME OF LATEST TRANSACTION
control field 20180208031300.0
008 - FIXED-LENGTH DATA ELEMENTS--GENERAL INFORMATION
fixed length control field 140130s1990 ohua b 001 0 rus
020 ## - INTERNATIONAL STANDARD BOOK NUMBER
International Standard Book Number 89063160
020 ## - INTERNATIONAL STANDARD BOOK NUMBER
International Standard Book Number 0675211336
020 ## - INTERNATIONAL STANDARD BOOK NUMBER
International Standard Book Number 9780675211338 (pbk.)
035 ## - SYSTEM CONTROL NUMBER
System control number (OCoLC)ocm21454206
040 ## - CATALOGING SOURCE
Original cataloging agency DLC
Language of cataloging eng
Transcribing agency DLC
Modifying agency KQV
-- MUQ
-- NLGGC
-- BTCTA
-- BAKER
-- YDXCP
-- BNM
-- DEBBG
-- OCLCO
-- OCLCF
-- DLC
Description conventions rda
Modifying agency DLC
041 ## - LANGUAGE CODE
Language code of text/sound track or separate title eng
042 ## - AUTHENTICATION CODE
Authentication code lccopycat
080 ## - UNIVERSAL DECIMAL CLASSIFICATION NUMBER
Universal Decimal Classification number 101 HOW
100 1# - Rafti
Rafti 22
101 ## - Shkurtesa
Shkurtesa FIL
245 10 - TITLE STATEMENT
Title Philosophical foundations of education /
Statement of responsibility, etc Howard A. Ozmon, Samuel M. Craver.
504 ## - BIBLIOGRAPHY, ETC. NOTE
Bibliography, etc Includes bibliographical references (pages [367]-380).
906 ## - LOCAL DATA ELEMENT F, LDF (RLIN)
a 7
b cbc
c copycat
d 3
e ncip
f 20
g y-nonroman
942 ## - ADDED ENTRY ELEMENTS (KOHA)
Source of classification or shelving scheme
Item type Books
Holdings
Withdrawn status Lost status Source of classification or shelving scheme Damaged status Not for loan Collection code Permanent location Current location Shelving location Date acquired Total Checkouts Full call number Barcode Date last seen Price effective from Koha item type
          Koleksioni i përgjithshem UBT - Lipjan UBT - Lipjan Koleksioni i përgjithshem 02/08/2018   101 HOW 002-2999207 02/08/2018 02/08/2018 Books
UBT Library © 2015-2024. All rights reserved University Education for Business and Technology